Statistics for Bordering Countries by Country Shape #20

Click here to take the quiz!

General Stats

  • This quiz has been taken 47 times
  • The average score is 9 of 9

Answer Stats

Country% Correct
Denmark
100%
Poland
100%
Switzerland
100%
Austria
98%
Belgium
98%
France
98%
Netherlands
98%
Luxembourg
96%
Czech Republic
93%

Score Distribution

Percentile by Number Answered

Percent of People with Each Score

Your Score History

You have not taken this quiz